000 01181nam a2200289 a 4500
003 EG-GiCUC
008 190102s1968 sp g 000 0 ara d
040 _aEG-GiCUC
_bara
_cEG-GiCUC
043 _ae-sp---
092 0 4 _a260
_bA6584s
_221
099 _a04
_a260 A6584s
100 1 _aفيصل : شكرى
245 1 0 _aكتاب روح القدس فى مناصحة النفس /
_cشكرى فيصل
260 _aاسبانيا : مدريد :
_bمعهد الدراسات الاسلامية :
_c1968
300 _a86 ص ؛
_c24 سم
500 _aعلى صفحة الغلاف الكتاب فصلة من صحيفة الدراسات الاسلامية فى مدريد
500 _aمتاح فى نسخة رقمية
504 _aيشتمل على ارجاعات ببليوجرافية
600 1 0 _aابن العربى :
_d1165-1240
650 7 _aالتصوف الاسلامى
_2qrmak
651 7 _aالتصوف الاسلامى
_zالاندلس
_2qrmak
902 _a1
905 _aجيهان شعراوى
_eمراجع
905 _aغاده
_eمدخل
942 _2ddc
_cBK
999 _c152010
_d152010